English file. Intermediate plus. Student book with digital pack /

Saved in:
Bibliographic Details
Main Authors Latham-Koenig, Christina, 1952- (Author), Oxenden, Clive, 1953- (Author), Chomacki, Kate (Author)
Format Book
LanguageEnglish
Published Oxford : Oxford University Press, 2026
EditionFifth edition
Subjects
ISBN978-0-19-414345-5
Physical Description175 stran : barevné ilustrace ; 28 cm

Cover

LEADER 00000nam a2200000 i 4500
001 115670
003 CZ-ZlUTB
005 20260529085400.0
007 ta
008 260519s2026 xxka g p 000 0 eng d
020 |a 978-0-19-414345-5  |q (brožováno) 
040 |a ZLD002  |b cze  |e rda 
072 7 |a 811.111  |x Angličtina  |2 Konspekt  |9 11 
072 7 |a 37.016  |x Učební osnovy. Vyučovací předměty. Učebnice  |2 Konspekt  |9 22 
080 |a 811.111  |2 MRF 
080 |a (07.063)81  |2 MRF 
100 1 |a Latham-Koenig, Christina,  |d 1952-  |7 xx0044122  |4 aut 
245 1 0 |a English file.  |p Intermediate plus.  |p Student book with digital pack /  |c Christina Latham-Koenig, Clive Oxenden, Kate Chomacki 
250 |a Fifth edition 
264 1 |a Oxford :  |b Oxford University Press,  |c 2026 
300 |a 175 stran :  |b barevné ilustrace ;  |e 28 cm 
336 |a text  |b txt  |2 rdacontent 
337 |a bez média  |b n  |2 rdamedia 
338 |a svazek  |b nc  |2 rdacarrier 
500 |a Obsahuje přístupový kód k online materiálům 
650 0 7 |a angličtina  |7 ph114056  |2 czenas 
650 0 9 |a English language  |2 eczenas 
655 7 |a jazykové učebnice, texty, příručky (B)  |7 fd600891  |2 czenas 
655 9 |a language textbooks, texts, handbooks (B)  |2 eczenas 
700 1 |a Oxenden, Clive,  |d 1953-  |7 pna2005301759  |4 aut 
700 1 |a Chomacki, Kate  |7 ntk20201079678  |4 aut 
710 2 |a Oxford University Press  |7 ko2003204713  |4 pbl 
910 |a ZLD002 
942 |2 udc 
952 |0 0  |1 0  |4 0  |5 0  |6 8020LATHAMKOENIGCH  |7 0  |8 BOOK  |9 191210  |a UTBZL  |b UTBZL  |c 019  |d 2026-05-19  |l 0  |o 802.0/LATHAM-KOENIG,CH.  |p 420010202156  |r 2026-05-19 11:56:59  |v 832.00  |w 2026-05-19  |x N:nákup  |y 08 
952 |0 0  |1 0  |4 0  |5 0  |6 8020LATHAMKOENIGCH  |7 0  |8 BOOK  |9 191211  |a UTBZL  |b UTBZL  |c 019  |d 2026-05-19  |l 1  |o 802.0/LATHAM-KOENIG,CH.  |p 420010202155  |q 2027-06-04  |r 2026-06-04 08:11:40  |s 2026-06-04  |v 832.00  |w 2026-05-19  |x N:nákup  |y 08 
952 |0 0  |1 0  |4 0  |5 0  |6 8020LATHAMKOENIGCH  |7 0  |8 BOOK  |9 191212  |a UTBZL  |b UTBZL  |c 019  |d 2026-05-19  |l 1  |o 802.0/LATHAM-KOENIG,CH.  |p 420010202154  |q 2027-06-04  |r 2026-06-04 08:11:46  |s 2026-06-04  |v 832.00  |w 2026-05-19  |x N:nákup  |y 08 
952 |0 0  |1 0  |4 0  |5 0  |6 8020LATHAMKOENIGCH  |7 0  |8 BOOK  |9 191213  |a UTBZL  |b UTBZL  |c 019  |d 2026-05-19  |l 1  |o 802.0/LATHAM-KOENIG,CH.  |p 420010202153  |q 2027-06-04  |r 2026-06-04 08:11:53  |s 2026-06-04  |v 832.00  |w 2026-05-19  |x N:nákup  |y 08 
952 |0 0  |1 0  |4 0  |5 0  |6 8020LATHAMKOENIGCH  |7 0  |8 BOOK  |9 191214  |a UTBZL  |b UTBZL  |c 019  |d 2026-05-19  |l 1  |o 802.0/LATHAM-KOENIG,CH.  |p 420010202152  |q 2027-06-04  |r 2026-06-04 08:11:33  |s 2026-06-04  |v 832.00  |w 2026-05-19  |x N:nákup  |y 08 
952 |0 0  |1 0  |4 0  |5 0  |6 8020LATHAMKOENIGCH  |7 0  |8 BOOK  |9 191215  |a UTBZL  |b UTBZL  |c 019  |d 2026-05-19  |l 0  |o 802.0/LATHAM-KOENIG,CH.  |p 420010202150  |r 2026-05-19 11:57:51  |v 832.00  |w 2026-05-19  |x N:nákup  |y 08 
952 |0 0  |1 0  |4 0  |5 0  |6 8020LATHAMKOENIGCH  |7 0  |8 BOOK  |9 191216  |a UTBZL  |b UTBZL  |c 019  |d 2026-05-19  |l 0  |o 802.0/LATHAM-KOENIG,CH.  |p 420010202151  |r 2026-05-19 11:57:58  |v 832.00  |w 2026-05-19  |x N:nákup  |y 08 
992 |a BK  |b SK 
999 |c 115670  |d 115670